LEADER 02068nam a2200409 u 4500 001 000000008788 003 CaOOAMICUS 005 20080605132337.0 008 940516s1990 fr u000 u fre u 020 $a2-85021-038-2 (v. 1) 020 $a2-85021-040-4 (v. 2) 020 $a2-85021-041-2 (v. 3) 035 $a10225800 040 $aPUL$bita 100 1 $aBoismard, Marie-Emile,$cO.P.$0(OLS)http://pul/name/3204 245 14$aLes actes des deux Apôtres /$cpar M.-E. Boismard et A. Lamouille ; préface du fr. Jean-Luc Vesco, O.P. 260 $aParis :$bJ. Gabalda,$c1990. 300 $a3 v. ;$c24 cm 490 1 $aEtudes bibliques ;$vn.s. 12 505 0 $av. 1. Introduction. Textes. -- v. 2. Le sens des récits. -- v. 3. Analyses littéraires. 630 04$aBiblia.$pN.T.$pActus apostolorum.$xCritica e interpretazione.$0(OLS)http://pul/subject/1725 700 1 $aLamouille, A.$q(Arnaud).$0(OLS)http://pul/name/8740 730 0 $aBiblia.$pN.T.$pActus apostolorum.$lFrancese.$f1990.$0(OLS)http://pul/title/12868 830 0$aEtudes bibliques,$x0760-3541 ;$vn.s. 12.$0(OLS)http://pul/title/4591 850 $aPUL 852 $aPUL$W1$xSL Religione 1$y3$m5 G 96-98$j12402$nBK-PRI$b $qStampati$B12402$CPULBib$Z2$F12402 $H $81 852 $aPUL$W1$xSL Religione 1$y3$m5 G 96-98$j12402$nBK-PRI$b $qStampati$B12403$CPULBib$Z2$F12403 $H $81 852 $aPUL$W1$xSL Religione 1$y3$m5 G 96-98$j12402$nBK-PRI$b $qStampati$B12404$CPULBib$Z2$F12404 $H $81 941 1 $a8 961 $aINV: 77007-77006-77005. 961 $aINV: 77007-77006-77005. 961 $aINV: 77007-77006-77005. 996 $6020$a2-85021-038-2 (v. 1)$9(OLS)http://pul/number/11318 996 $6020$a2-85021-040-4 (v. 2)$9(OLS)http://pul/number/11319 996 $6020$a2-85021-041-2 (v. 3)$9(OLS)http://pul/number/11320 996 $6245$aLes actes des deux Apôtres$9(OLS)http://pul/title/12866 996 $6260$aParis :$bJ. Gabalda$9(OLS)http://pul/publisher/48260 LEADER 01480nam a2200313 a 4500 001 000000107958 003 CaOOAMICUS 005 20071031120339.0 008 071031s2004 it 000 u ita d 020 $a88-7078-920-9 040 $aPUL$bita$dLDB 041 1 $aita$heng 100 1 $aKelly, George A.$0(OLS)http://pul/name/66031 240 10$aPsychology of personal constructs.$lItaliano.$0(OLS)http://pul/title/135930 245 13$aLa psicologia dei costrutti personali :$bteoria e personalità /$cGeorge A. Kelly ; edizione italiana a cura di Marco Castiglioni. 260 $aMilano :$bRaffaello Cortina,$cc2004. 300 $axx, 392 p. ;$c23 cm. 490 1 $aCollana di psicologia clinica e psicoterapia ;$v172 504 $aBibliografia: p. 381. 650 14$aPsicologia$xTeorie.$0(OLS)http://pul/subject/10278 650 14$aPersonalità (psicologia).$0(OLS)http://pul/subject/20586 700 1 $aCastiglioni, Marco.$0(OLS)http://pul/name/66032 830 0$aCollana di psicologia clinica e psicoterapia ;$v172.$0(OLS)http://pul/title/12189 850 $aPUL 852 $aPUL$W1$xSL Filosofia 1$y2$m97 S 172$j122807$qStampati$B121791$CPULBib$Z2$F121791 $H105313 $82 941 1 $a8 996 $6020$a88-7078-920-9$9(OLS)http://pul/number/136128 996 $6245$aLa psicologia dei costrutti personali :$bteoria e personalità$9(OLS)http://pul/title/135489 996 $6260$aMilano :$bRaffaello Cortina$9(OLS)http://pul/publisher/63509